Statistics for Greys Anatomy Quiz

Click here to take the quiz!

General Stats

  • This quiz has been taken 648 times
  • The average score is 13 of 15

Answer Stats

QuestionAnswer% Correct
Which characters died from the plane crash?Lexie and Mark
98%
Who said the line.. 'Pick me, choose me, love me'Meredith Grey
98%
Which character was known as 'McSteamy'?Mark Sloan
97%
Which two characters got married in Las Vegas?Callie and George
96%
Which character was known as "007"?George OMalley
92%
Who was the first Chief of Surgery?Richard Webber
92%
What were the names of Meredith's and Derek's children?Zola Bailey and Ellis
92%
What season was the plane crash?8
91%
Which two characters were known as the Twisted Sisters?Meredith and Cristina
90%
What is Callie Torres speciality?Ortho
90%
Which country did Cristina Yang move to?Switzerland
85%
Which character was known as 'McDreamy'?Derek Shepherd
83%
What are the names of Meredith Grey's parents?Ellis and Thatcher
83%
What is the name of the hospital after the plane crash episodes?Grey-Sloan Memorial
80%
What was the name of Miranda Baileys first husband?Tucker
78%

Score Distribution

Percentile by Number Answered

Percent of People with Each Score

Your Score History

You have not taken this quiz